Procedimientos tributarios / (Record no. 25569)

MARC details
000 -LEADER
campo de control de longitud fija 00753nam a2200205 i 4500
001 - NÚMERO DE CONTROL
campo de control 25569
003 - IDENTIFICADOR DE NÚMERO DE CONTROL
campo de control ES-MaACL
005 - FECHA Y HORA DE LA ÚLTIMA TRANSACCIÓN
campo de control 20240511063017.0
007 - CAMPO FIJO DE DESCRIPCIÓN FÍSICA--INFORMACIÓN GENERAL
campo de control de longitud fija t|
008 - DATOS DE LONGITUD FIJA--INFORMACIÓN GENERAL
campo de control de longitud fija 021227s1984 sp ||||1| spa d
100 0# - ENTRADA PRINCIPAL--NOMBRE DE PERSONA
Nombre de persona Arias Velasco, José,
Fechas asociadas al nombre 1934-2017
9 (RLIN) 22809
245 10 - MENCIÓN DEL TÍTULO
Título Procedimientos tributarios /
Mención de responsabilidad, etc. José Arias Velasco ; prólogo: Alfonso Mantero Sènz.
260 ## - PUBLICACIÓN, DISTRIBUCIÓN, ETC.
Lugar de publicación, distribución, etc. [Madrid] :
Nombre del editor, distribuidor, etc. Ministerio de Economía y Hacienda,
Fecha de publicación, distribución, etc. [1984]
300 ## - DESCRIPCIÓN FÍSICA
Extensión 689 p. ;
Dimensiones 24 cm.
500 ## - NOTA GENERAL
Nota general Precede a tít.: Escuela de Inspección Financiera y Tributaria.
700 1# - ENTRADA AGREGADA--NOMBRE PERSONAL
Nombre de persona Mantero Sáenz, Alfonso.
9 (RLIN) 198746
710 2# - ENTRADA AGREGADA--NOMBRE DE ENTIDAD CORPORATIVA
Nombre de entidad corporativa o nombre de jurisdicción como elemento de entrada Escuela de Inspección Financiera y Tributaria (España)
9 (RLIN) 3549
852 ## - LOCALIZACIÓN
Ubicación ES-MaACL
Número de control de estantería L-7106
Sublocalización o colección R.107977
Holdings
Estatus retirado Estado de pérdida Estado de daño No para préstamo Biblioteca de origen Biblioteca actual Ubicación en estantería Fecha de adquisición Fuente de adquisición Total de préstamos Signatura topográfica completa Código de barras Visto por última vez Precio de reemplazo Tipo de ítem Koha
        Biblioteca del Ateneo de Madrid Biblioteca del Ateneo de Madrid Depósito 2 17/01/2008     L-7106 1026369 23/02/2023 23/02/2023 Libro impreso